000 00765nam a2200265 4500
001 66867
003 ES-MaACL
005 20250302202840.0
007 t|
008 040415s1995 fr ||||1| eng d
020 _a92-3-103030-2
080 _a504.6
080 _a7.025
100 1 _aMayor Zaragoza, Federico,
_d1934-2024
_979415
245 1 0 _aMemory of the future /
_cFederico Mayor.
260 _aParis :
_bUNESCO Publishing,
_c1995.
300 _a204 p. ;
_c21 cm.
490 1 _aChallenges series
650 1 4 _aMedio ambiente-
_xProtección.
_914959
650 1 4 _aPatrimonio cultural-
_xProtección.
_9142981
710 2 _aUnesco.
_96999
830 0 _aChallenges series
_9226422
852 4 _aES-MaACL
_jL-27347
999 _c66867
_d66867